| 000 | 01075cam a2200265 a 4500 | ||
|---|---|---|---|
| 999 |
_c332154 _d332154 |
||
| 001 | 4017023 | ||
| 003 | NUST | ||
| 005 | 20171115123034.0 | ||
| 008 | 970626s1998 nyua b 001 0 eng | ||
| 010 | _a 97028360 | ||
| 020 | _a0471002380 (cloth : acidfree paper) | ||
| 040 |
_aDLC _cDLC _dDLC |
||
| 050 | 0 | 0 |
_aTD1030 _b.W38 1998 |
| 082 | 0 | 0 |
_a628.42 WAT _221 |
| 100 | 1 |
_aWatts, Richard J., _d1953- _96407 |
|
| 245 | 1 | 0 |
_aHazardous wastes : _bsources, pathways, receptors / _cRichard J. Watts. |
| 260 |
_aNew York : _bJ. Wiley, _cc1998. |
||
| 300 |
_axvi, 764 p. : _bill. ; _c26 cm. |
||
| 500 | _aH.B | ||
| 504 | _aIncludes bibliographical references (p. 731-739) and index. | ||
| 650 | 0 |
_aHazardous wastes. _95367 |
|
| 856 | 4 | 2 |
_3Publisher description _uhttp://www.loc.gov/catdir/description/wiley031/97028360.html |
| 856 | 4 |
_3Table of Contents _uhttp://www.loc.gov/catdir/toc/onix01/97028360.html |
|
| 906 |
_a7 _bcbc _corignew _d1 _eocip _f19 _gy-gencatlg |
||
| 942 |
_2ddc _cBK _kIESE |
||